El espacio urbano en el Ecuador: red urbana, región y crecimiento
Na minha lista:
| Main Authors: | , , , , , |
|---|---|
| Formato: | Livro |
| Idioma: | espanhol |
| Publicado em: |
Quito
IPGH
1987
Quito ORSTOM 1987 Quito IGM 1987 |
| Edição: | 1a. ed |
| Colecção: | Geografía Básica del Ecuador, 3
|
| Assuntos: | |
| Tags: |
Adicionar Tag
Sem tags, seja o primeiro a adicionar uma tag!
|
MARC
| LEADER | 00000nam a2200000 a 4500 | ||
|---|---|---|---|
| 001 | UCK1596 | ||
| 003 | CL-VaPUC | ||
| 008 | 041119e19870000ec |||||||||||||||||spa|d | ||
| 082 | 0 | 4 | |a 918.6 |b ALL |2 21 |
| 100 | 0 | |a Allou, Serge |e author |9 489495 | |
| 700 | 0 | |a Cazamajor, Philippe |e author |9 489496 | |
| 700 | 0 | |a Godard, Henri |e author |9 489497 | |
| 700 | 0 | |a Gómez, Nelson |e author |9 489498 | |
| 700 | 0 | |a Gravelin, Blandine |e author |9 489499 | |
| 700 | 0 | |a León, Juan |e author |9 489500 | |
| 245 | 1 | 3 | |a El espacio urbano en el Ecuador: red urbana, región y crecimiento |
| 250 | |a 1a. ed | ||
| 300 | |a 307 p | ||
| 942 | |c BK | ||
| 945 | |d 20041119 00:00:00 |a cmena | ||
| 260 | |a Quito |b IPGH |c 1987 | ||
| 260 | |a Quito |b ORSTOM |c 1987 | ||
| 260 | |a Quito |b IGM |c 1987 | ||
| 650 | 7 | |a LUGARES GEOGRAFICOS |2 CL-VaPUC |9 489501 | |
| 650 | 0 | |a Planificación urbana |9 258176 | |
| 650 | 7 | |a DESARROLLO URBANO |2 CL-VaPUC |9 489502 | |
| 651 | 0 | |a Ecuador |9 258378 | |
| 583 | |a last modification |c 20171115 10:57:06 |k Rodrigo Vera | ||
| 490 | 0 | |a Geografía Básica del Ecuador, 3 | |
| 999 | |c 311502 |d 311500 | ||
| 952 | |0 0 |1 0 |4 0 |6 918_600000000000000_ALL_1987_1987_1987 |7 0 |8 A |9 380934 |a BIBING |b BIBING |d 2019-11-21 |i 403063K |o 918.6 ALL 1987 1987 1987 |p 403063K |r 2025-01-20 |w 2019-11-21 |y BK |k GEO | ||